| 000 | 00382nam a22001697a 4500 | ||
|---|---|---|---|
| 003 | CEME | ||
| 005 | 20210628203041.0 | ||
| 008 | 210129b xxu||||| |||| 00| 0 eng d | ||
| 020 | _a268998 | ||
| 040 | _c. | ||
| 082 | _a891.4391 KUL | ||
| 100 |
_aHasrat Mohani _929883 |
||
| 245 | _aKulyat-e-hasrat | ||
| 260 |
_aLAHORE _bALI HIJVERY _c2005 |
||
| 300 | _a392P | ||
| 942 |
_cBK _2ddc |
||
| 999 |
_c571979 _d571979 |
||